Cataloging and Classification (Record no. 1962)

MARC details
000 -LEADER
fixed length control field 00678nam a2200229 4500
001 - CONTROL NUMBER
control field 1962
003 - CONTROL NUMBER IDENTIFIER
control field OSt
005 - DATE AND TIME OF LATEST TRANSACTION
control field 20260415061735.0
008 - FIXED-LENGTH DATA ELEMENTS--GENERAL INFORMATION
fixed length control field 260415b |||||||| |||| 00| 0 eng d
020 ## - INTERNATIONAL STANDARD BOOK NUMBER
International Standard Book Number 978-1538132913
040 ## - CATALOGING SOURCE
Transcribing agency central library
050 ## - LIBRARY OF CONGRESS CALL NUMBER
Classification number 020.230
082 ## - DEWEY DECIMAL CLASSIFICATION NUMBER
Classification number 020.35
Item number ASA
100 ## - MAIN ENTRY--PERSONAL NAME
Personal name Salaba Athena
Fuller form of name Athena Salaba
245 ## - TITLE STATEMENT
Title Cataloging and Classification
Remainder of title An Introduction
Statement of responsibility, etc. Athena Salaba
Medium ENGLISH
250 ## - EDITION STATEMENT
Edition statement Fifth
260 ## - PUBLICATION, DISTRIBUTION, ETC.
Place of publication, distribution, etc. New Delhi
Name of publisher, distributor, etc. Rowman & Littlefield
Date of publication, distribution, etc. 2023
300 ## - PHYSICAL DESCRIPTION
Extent ‎ 790 p.
Dimensions 17.78 x 4.12 x 25.4 cm
600 ## - SUBJECT ADDED ENTRY--PERSONAL NAME
Source of heading or term CATALOGING
Personal name Athena Salaba
700 ## - ADDED ENTRY--PERSONAL NAME
Personal name Chan Lois Mai
Fuller form of name Lois Mai Chan
942 ## - ADDED ENTRY ELEMENTS (KOHA)
Source of classification or shelving scheme Dewey Decimal Classification
Suppress in OPAC No
Koha item type Books
Edition FIFTH
Call number prefix 020.35
Call number suffix ASA
Holdings
Withdrawn status Lost status Source of classification or shelving scheme Damaged status Not for loan Home library Current library Date acquired Total checkouts Date last seen Price effective from Koha item type
    Dewey Decimal Classification     Centerville Centerville 15/04/2026   15/04/2026 15/04/2026 Books